MARC details
| 000 -CABECERA |
| campo de control de longitud fija |
00897nam a2200229 a 4500 |
| 005 - FECHA Y HORA DE LA ÚLTIMA TRANSACCIÓN |
| campo de control |
20210219160242.0 |
| 008 - ELEMENTOS DE LONGITUD FIJA--INFORMACIÓN GENERAL |
| campo de control de longitud fija |
080930s2000 mx r 000 0 spa d |
| 035 ## - NÚMERO DE CONTROL DEL SISTEMA |
| Número de control de sistema |
UPN01000161508 |
| 049 ## - COLECCIÓN |
| Colección |
UNE |
| 080 ## - NÚMERO DE CLASIFICACIÓN DECIMAL UNIVERSAL |
| Número de la Clasificación Decimal Universal |
371.68 BUS |
| 100 1# - ASIENTO PRINCIPAL--NOMBRE PERSONAL |
| Nombre de persona |
Bustos G., Pedro |
| 245 10 - MENCIÓN DE TÍTULO |
| Título |
Tecnología educativa : |
| Resto del título |
los medios y materiales audiovisuales en el diseño didáctico / |
| Mención de responsabilidad, etc. |
Pedro Bustos G. |
| 260 ## - PUBLICACIÓN, DISTRIBUCIÓN, ETC. |
| Lugar de publicación, distribución, etc. |
México : |
| Nombre del editor, distribuidor, etc. |
CEDEFT; |
| Lugar de publicación, distribución, etc. |
Washington : |
| Nombre del editor, distribuidor, etc. |
OEA, |
| 300 ## - DESCRIPCIÓN FÍSICA |
| Extensión |
81 p. ; |
| Otras características físicas |
il. |
| 500 ## - NOTA GENERAL |
| Nota general |
Programa de Capacitación de Personal Docente |
| 690 ## - PUNTO DE ACCESO ADICIONAL DE MATERIA LOCAL--TÉRMINO DE MATERIA (OCLC, RLIN) |
| Término de materia o nombre geográfico como elemento inicial |
Tecnologia educacional- Material audiovisual |
| 690 ## - PUNTO DE ACCESO ADICIONAL DE MATERIA LOCAL--TÉRMINO DE MATERIA (OCLC, RLIN) |
| Término de materia o nombre geográfico como elemento inicial |
Material y equipo didacticos- Tecnologia educacional |
| 690 ## - PUNTO DE ACCESO ADICIONAL DE MATERIA LOCAL--TÉRMINO DE MATERIA (OCLC, RLIN) |
| Término de materia o nombre geográfico como elemento inicial |
Material audiovisual- Tecnologia educacional |
| 710 2# - ASIENTO SECUNDARIO - NOMBRE CORPORATIVO |
| Nombre de entidad corporativa o nombre de jurisdicción como elemento de entrada |
Centro de Experimentación para el Desarrollo de la Formación Tecnológica (CEDEFT) |
| 710 2# - ASIENTO SECUNDARIO - NOMBRE CORPORATIVO |
| Nombre de entidad corporativa o nombre de jurisdicción como elemento de entrada |
OEA. Programa Regional de Desarrollo Educativo |
| 905 ## - TIPO DE MATERIAL |
| Tipo de material |
UNESCO |